000 00222nam a22000857a 4500
008 160811b xxu||||| |||| 00| 0 eng d
100 _9114
_aEgmont
245 _aTintin and the Picaros
260 _aUSA
_bMacMillan publication
_c2009
999 _c2768
_d2768